Aptitude for Destruction, Volume 1 (Record no. 351742)
[ view plain ]
| 000 -LEADER | |
|---|---|
| fixed length control field | 00677nam a2200133Ia 4500 |
| 008 - FIXED-LENGTH DATA ELEMENTS--GENERAL INFORMATION | |
| fixed length control field | 171212s9999 xx 000 0 und d |
| 020 ## - INTERNATIONAL STANDARD BOOK NUMBER | |
| International Standard Book Number | 9780833037640 |
| 100 ## - MAIN ENTRY--PERSONAL NAME | |
| Personal name | Jackson, Brian A.;Baker, John C.;Chalk, Peter;Cragin, Kim;Parachini, John V. |
| 245 ## - TITLE STATEMENT | |
| Statement of responsibility, etc | Jackson, Brian A.;Baker, John C.;Chalk, Peter;Cragin, Kim;Parachini, John V. |
| Title | Aptitude for Destruction, Volume 1 |
| Remainder of title | Organizational Learning in Terrorist Groups and Its Implications for Combating Terrorism |
| 260 ## - PUBLICATION, DISTRIBUTION, ETC. (IMPRINT) | |
| Name of publisher, distributor, etc | RAND Corporation |
| Date of publication, distribution, etc | 2005 |
| 650 ## - SUBJECT ADDED ENTRY--TOPICAL TERM | |
| Topical term or geographic name as entry element | Political Science |
| 650 ## - SUBJECT ADDED ENTRY--TOPICAL TERM | |
| Topical term or geographic name as entry element | Terrorists; Organizational learning; Terrorism -- Prevention -- Government policy |
| 856 ## - ELECTRONIC LOCATION AND ACCESS | |
| Uniform Resource Identifier | <a href="www.jstor.org/stable/10.7249/mg331nij">www.jstor.org/stable/10.7249/mg331nij</a> |
| Withdrawn status | Lost status | Damaged status | Home library | Current library | Date acquired | Total Checkouts | Full call number | Date last seen | Price effective from | Koha item type |
|---|---|---|---|---|---|---|---|---|---|---|
| College Library | College Library | 12/12/2017 | HV6431.A67 2005 | 12/12/2017 | 12/12/2017 | Curriculum - Based eBooks |